00563nam a2200205 a 4500020001800000082001300018100002100031245001000052260004500062300000900107500003500116505001000151650002600161650001600187650001500203700002100218942000700239952009400246999001700340 a8170182 00a322bSHA aShafee, Syed Ali aIndia aDelhibB.R.Publishing Corporation c1998 a128p aincludes index and biblioraphy2 aIndex aReligion and Politics aCommunalism aSecularism1 aShafee, Syed Ali cBK 00104070aHMIbHMId2007-06-14g180.00l0o322 SHAp019532r2007-06-14w2026-01-16yBK c13377d13377